| 000 | 00429pab a2200169 454500 | ||
|---|---|---|---|
| 008 | 180718b2001 xxu||||| |||| 00| 0 eng d | ||
| 100 | _aKochar, G.K. | ||
| 245 | _aProgrammes needed for women workers of H.P. | ||
| 260 | _c2001 | ||
| 300 | _ap.32-34 | ||
| 362 | _aMay | ||
| 650 | _aWomen workers - India - Himachal Pradesh | ||
| 650 | _aWomen workers | ||
| 700 | _aSingh, L.N. | ||
| 773 | _aSocial Welfare | ||
| 909 | _a48353 | ||
| 999 |
_c48353 _d48353 |
||